Employment effects of multinational enterprises in industrialised countries (Record no. 29522)

MARC details
000 -LEADER
fixed length control field 00500nam a2200169Ia 4500
020 ## - INTERNATIONAL STANDARD BOOK NUMBER
ISBN 9221027414
050 ## - CALL MARK
Classification number HD 2755.5 .E48/
245 #0 - TITLE STATEMENT
Title Employment effects of multinational enterprises in industrialised countries
260 ## - PUBLICATION, DISTRIBUTION, ETC. (IMPRINT)
Place of publication Geneva
260 ## - PUBLICATION, DISTRIBUTION, ETC. (IMPRINT)
Name of publisher International Labour Office
260 ## - PUBLICATION, DISTRIBUTION, ETC. (IMPRINT)
Year of publication 1981
300 ## - PHYSICAL DESCRIPTION
Number of Pages 100 p
650 ## - SUBJECT ADDED ENTRY--TOPICAL TERM
Topical Term International business enterprises. Employment (Economic theory)
942 ## - ADDED ENTRY ELEMENTS (KOHA)
Koha item type Books
Holdings
Withdrawn status Lost status Source of classification or shelving scheme Damaged status Not for loan Permanent Location Current Location Date acquired Accession Number Price effective from Koha item type
    Library of Congress Classification     NILE UNIVERSITY OF NIGERIA - MAIN LIBRARY NILE UNIVERSITY OF NIGERIA - MAIN LIBRARY 04/23/2025 0011851 04/23/2025 Books